00377nam a2200121Ia 450000500170000000800410001708200160005810000200007424500480009426000380014230000130018050000620019320240619022156.0240331s9999 xx 000 0 und d bGANa891.48 aGanesalingan, S 0aMachiavalliyum valluvarumcS. Ganeshalingan aChennaibKumaran Publishersc2001 a208 p ., aA comparative study of politics of machiavalli & Valluvar